Leer la Argentina. (Record no. 22227)
[ view plain ]
| 000 -LEADER | |
|---|---|
| campo de control de longitud fija | 01592nam a2200457 i 4500 |
| 003 - IDENTIFICADOR DE NÚMERO DE CONTROL | |
| campo de control | AR-MoEEST |
| 005 - FECHA Y HORA DE LA ÚLTIMA TRANSACCIÓN | |
| campo de control | 20260514150928.0 |
| 008 - DATOS DE LONGITUD FIJA--INFORMACIÓN GENERAL | |
| campo de control de longitud fija | 260514s2005 |||||||dr||||f00| m spa d |
| 040 ## - FUENTE DE CATALOGACIÓN | |
| Centro catalogador/agencia de origen | AR-MoEEST |
| Lengua de catalogación | spa |
| Centro/agencia transcriptor | AR-MoEEST |
| Normas de descripción | rda |
| 041 ## - CÓDIGO DE IDIOMA | |
| Código de lengua del texto/banda sonora o título independiente | spa |
| 043 ## - CÓDIGO DE ÁREA GEOGRÁFICA | |
| Código de área geográfica | ag |
| Código ISO | ar-v |
| 080 ## - NÚMERO DE LA CLASIFICACIÓN DECIMAL UNIVERSAL | |
| Identificador de la edición | 82-82 (82) LEE |
| Número de la Clasificación Decimal Universal | (2016) |
| 245 10 - MENCIÓN DEL TÍTULO | |
| Título | Leer la Argentina. |
| Nombre de parte o sección de la obra | parte 4. : |
| Resto del título | Río Negro, Neuquén, Chubut, Santa Cruz, Tierra del Fuego / |
| Mención de responsabilidad, etc. | compilado por Mempo Giardinelli y Graciela Bialet |
| 246 13 - FORMA VARIANTE DEL TITULO | |
| Título propio/Titulo breve | Patagonia |
| 250 ## - MENCION DE EDICION | |
| Mención de edición | 1a edición |
| 264 ## - PRODUCCIÓN, PUBLICACIÓN, DISTRIBUCIÓN, FABRICACIÓN Y COPYRIGHT | |
| Producción, publicación, distribución, fabricación y copyright | Buenos Aires : |
| Nombre del de productor, editor, distribuidor, fabricante | EUDEBA ; |
| -- | Ministerio de Educación, |
| Fecha de producción, publicación, distribución, fabricación o copyright | 2005 |
| 300 ## - DESCRIPCIÓN FÍSICA | |
| Extensión | parte 4, 125 páginas |
| 336 ## - TIPO DE CONTENIDO | |
| Término de tipo de contenido | Texto |
| Código de tipo de contenido | txt |
| Fuente | rdacontent |
| 337 ## - TIPO DE MEDIO | |
| Nombre/término del tipo de medio | Sin mediación |
| Código del tipo de medio | n |
| Fuente | rdamedia |
| 338 ## - TIPO DE SOPORTE | |
| Nombre/término del tipo de soporte | Volumen |
| Código del tipo de soporte | nc |
| Fuente | rdacarrier |
| 490 0# - MENCIÓN DE SERIE | |
| Mención de serie | Leer la Argentina ; |
| Designación de volumen o secuencia | 4 |
| 500 ## - NOTA GENERAL | |
| Nota general | Formar parte de una colección de materiales pedagógicos para el aula, promoviendo la lectura en voz alta |
| 505 ## - NOTA DE CONTENIDO CON FORMATO | |
| Título | Negra catinga / |
| Mención de responsabilidad | Porro Juana |
| Información miscelánea | 34-36 (pág.) |
| 650 #4 - PUNTO DE ACCESO ADICIONAL DE MATERIA--TÉRMINO DE MATERIA | |
| Término de materia o nombre geográfico como elemento de entrada | Narrativa juvenil |
| 651 #4 - PUNTO DE ACCESO ADICIONAL DE MATERIA--NOMBRE GEOGRÁFICO | |
| Nombre geográfico | Río Negro |
| 651 #4 - PUNTO DE ACCESO ADICIONAL DE MATERIA--NOMBRE GEOGRÁFICO | |
| Nombre geográfico | Patagonia |
| 651 #4 - PUNTO DE ACCESO ADICIONAL DE MATERIA--NOMBRE GEOGRÁFICO | |
| Nombre geográfico | Chubut |
| 651 #4 - PUNTO DE ACCESO ADICIONAL DE MATERIA--NOMBRE GEOGRÁFICO | |
| Nombre geográfico | Santa Cruz |
| 651 #4 - PUNTO DE ACCESO ADICIONAL DE MATERIA--NOMBRE GEOGRÁFICO | |
| Nombre geográfico | Tierra del Fuego, Antártida e Islas del Atlántico Sur |
| 655 #7 - TERMINO DE INDIZACIÓN--GENERO/FORMA | |
| Datos o término principal de género/forma | Cuentos |
| 655 #7 - TERMINO DE INDIZACIÓN--GENERO/FORMA | |
| Datos o término principal de género/forma | Antologías |
| 655 #7 - TERMINO DE INDIZACIÓN--GENERO/FORMA | |
| Datos o término principal de género/forma | Selecciones |
| 700 10 - ENTRADA AGREGADA--NOMBRE PERSONAL | |
| Nombre de persona | Mempo, Giarninelli, |
| Fechas asociadas al nombre | 1947- |
| Término indicativo de función/relación | compilador |
| 700 10 - ENTRADA AGREGADA--NOMBRE PERSONAL | |
| Nombre de persona | Bialet, Graciela |
| Término indicativo de función/relación | compiladora |
| 700 10 - ENTRADA AGREGADA--NOMBRE PERSONAL | |
| Nombre de persona | Walsh, Rodolfo |
| Término indicativo de función/relación | autor |
| 700 10 - ENTRADA AGREGADA--NOMBRE PERSONAL | |
| Nombre de persona | Aracena, David |
| Término indicativo de función/relación | autor |
| 700 10 - ENTRADA AGREGADA--NOMBRE PERSONAL | |
| Nombre de persona | Ratier, Carlos |
| Término indicativo de función/relación | autor |
| 710 10 - ENTRADA AGREGADA--NOMBRE DE ENTIDAD CORPORATIVA | |
| Nombre de entidad corporativa o nombre de jurisdicción como elemento de entrada | Argentina. |
| Unidad subordinada | Ministerio de Educación |
| Término indicativo de función/relación | entidad emisora |
| 942 ## - ELEMENTOS DE ENTRADA SECUNDARIOS (KOHA) | |
| Fuente del sistema de clasificación o colocación | CDU - Clasificación Decimal Universal |
| Tipo de ítem Koha | Libros |
| Suprimir en OPAC | No |
| 998 ## - INFORMACIÓN DE CONTROL LOCAL (RLIN) | |
| Catalogador responsable | César Muñoz |
| Estatus retirado | Estado de pérdida | Fuente del sistema de clasificación o colocación | Estado de daño | No para préstamo | Colección | Biblioteca de origen | Biblioteca actual | Fecha de adquisición | Total de préstamos | Signatura topográfica completa | Código de barras | Visto por última vez | Precio de reemplazo | Tipo de ítem Koha |
|---|---|---|---|---|---|---|---|---|---|---|---|---|---|---|
| Retirado | Clasificación decimal universal | Ficción | Liberty | Liberty | 14/05/2026 | 82-82 (82) LEE | 10588 | 14/05/2026 | 14/05/2026 | Libros |